000 00707cam a22002293a 4500
001 32623
003 PGUSA
005 20140828083715.0
008 100531s2010||||xxu|||||s|||||000 | eng d
040 _aPGUSA
_beng
042 _adc
050 4 _aQH
100 1 _aBaker, Rollin H.
_q(Rollin Harold),
_d1916-2007
245 1 0 _aGeographic Variation in the Pocket Gopher, Cratogeomys castanops, in Coahuila, México
_h[electronic resource] /
_cRollin H. Baker
260 _bProject Gutenberg,
_c2010
506 _aPublic domain in the USA.
516 _aElectronic text
653 _aPocket gophers
830 0 _aProject Gutenberg
_v32623
856 4 0 _uhttp://www.gutenberg.org/ebooks/32623
942 _cEB
999 _c261878
_d261878